000 00556cam a2200193 a 4500
001 2805039
005 20240129050409.0
008 820331s1982 maua b s001 0 eng
020 _a0870233742
040 _aDLC
_cDLC
_dDLC
082 0 0 _a306
_219
_bPER.
100 1 _aPerinbanayagam, R. S.,
245 1 4 _aThe karmic theater :
_bself, society, and astrology in Jaffna /
_cR.S. Perinbanayagam.
260 _aAmherst :
_bUniversity of Massachusetts Press,
_c1982.
300 _a212 p. :
500 _aIncludes index.
650 0 _aHindu astrology
942 _cL
999 _c209
_d209